| 000 | 00551nam a2200193Ia 4500 | ||
|---|---|---|---|
| 999 |
_c6484 _d6484 |
||
| 020 | _a9788183701686 | ||
| 082 | _a355.3510954 CHA-F | ||
| 100 | _aChatterjee, Suhas | ||
| 245 | 0 | _aFrontier officers in colonial Northeast India | |
| 260 |
_aNew Delhi _bAkansha Publishing _c2009 |
||
| 300 | _axxiii, 309 | ||
| 504 | _aincludes bibliography and index | ||
| 650 |
_aIndia, North east _vHistory |
||
| 650 |
_aLister, F.J. _vHistory |
||
| 650 |
_aLewin,T.H. _vHistory |
||
| 650 |
_aEdgar, John _vHistory |
||
| 650 |
_aMccabe, R.B. _vHistory |
||
| 942 | _cBK | ||